Country Flags - Medium - Statistics

General Stats
  • This quiz has been taken 198 times
  • The average score is 13 of 15
Answer Stats
Picture Answer % Correct
Saudi Arabia
99%
Denmark
96%
South Africa
94%
Slovakia
93%
Bangladesh
92%
Portugal
92%
Ecuador
90%
Malaysia
90%
Vietnam
90%
Syria
89%
Cuba
88%
Somalia
86%
Taiwan
80%
Maldives
67%
Sudan
64%
No matching quizzes found
Score Distribution
Percent of People with Each Score
Percentile by Number Answered
Your Score History
You have not taken this quiz